| 000 | 00772cam a2200265u 4500 | ||
|---|---|---|---|
| 001 | 5431 | ||
| 003 | BD-RjUL | ||
| 005 | 20211208234050.0 | ||
| 008 | 131226s1975 ii 000 0 eng | ||
| 035 | _a(BD-RjUL) | ||
| 040 |
_aDLC _cCarP _dDLC _beng |
||
| 041 | _aeng | ||
| 082 |
_220 _a347.54035 _bCHA 1975 |
||
| 100 | 1 |
_aChaudhuri, Bhabendra Nath. [from old catalog] _917063 |
|
| 245 | 1 | 4 | _aThe art of writing judgment / |
| 250 | _a2d ed. | ||
| 260 |
_aAllahabad, _bLaw Book Co., _c1975 |
||
| 300 |
_axxv, 221 p. _c25 cm. |
||
| 650 | 0 |
_aJudgments _zIndia. _917064 |
|
| 650 | 0 |
_aProcedure (Law) _zIndia. _917065 |
|
| 710 | 1 |
_aIndia (Republic) _kLaws, statutes, etc. [from old catalog] _917066 |
|
| 942 |
_2ddc _cBK |
||
| 999 |
_c5431 _d5431 |
||